| 000 | 00630nam a2200241Ia 4500 | ||
|---|---|---|---|
| 003 | OSt | ||
| 005 | 20221005033326.0 | ||
| 006 | a|||||r|||| 00| 0 | ||
| 007 | ta | ||
| 008 | 221004b |||||||| |||| 00| 0 eng d | ||
| 024 | _a91807 | ||
| 037 | _cTextual | ||
| 040 |
_aCRL _cCRL _beng |
||
| 041 |
_2eng _aeng |
||
| 082 | _aV:51.N, M8 | ||
| 100 | _aLimaye Madhu | ||
| 245 | 0 | _aMusings current problems and past events | |
| 260 |
_aDelhi _bB.R. Publishing Corporation India _c1998 |
||
| 300 |
_av,335p _ccm. |
||
| 650 | _aHISTORY | ||
| 942 |
_hV:51.N, M8 _cTEXL _2cc |
||
| 999 |
_c941349 _d941349 |
||